000 00621cab a2200217 4500
001 WB3503-44
008 090401t1999 xxu||||| |||| 00| 0 eng d
035 _a(Sirsi) u90841
041 _aeng
245 _aGains outweigh risks
260 _c1999
350 _a0
490 _aTimes
_v21 January 1999, 13(1)
520 _aA House of Lords inquiry has endorsed the use of genetically modified crops, claiming that the benefits far outweigh the risks.
650 _aCROP YIELDS
650 _aGENETICALLY MODIFIED CROPS
650 _aSUPERCROPS
690 _aRURAL PRACTICE
942 _n0
948 _c21/01/1999
999 _c57624
_d57624